|
|
|
|
| LEADER |
00000nlm0a2200000 4500 |
| 001 |
271250 |
| 005 |
20231101234423.0 |
| 010 |
|
|
|a 9785769587979
|
| 035 |
|
|
|a (RuTPU)RU\TPU\book\294431
|
| 090 |
|
|
|a 271250
|
| 100 |
|
|
|a 20141006d2012 m y0rusy50 ca
|
| 101 |
0 |
|
|a rus
|
| 102 |
|
|
|a RU
|
| 105 |
|
|
|a y j 000zy
|
| 135 |
|
|
|a vocna---uucaa
|
| 181 |
|
0 |
|a i
|
| 182 |
|
0 |
|a b
|
| 200 |
1 |
|
|a Электроника и микропроцессорная техника
|b Электронный ресурс
|e учебник в электронном формате
|f В. И. Калашников, С. В. Нефедов
|g под ред. Г. Г. Раннева
|
| 203 |
|
|
|a Текст
|c электронный
|
| 210 |
|
|
|a Москва
|c Академия
|d 2012
|
| 215 |
|
|
|a 1 Мультимедиа CD-ROM
|
| 225 |
1 |
|
|a Высшее профессиональное образование. Бакалавриат
|
| 225 |
1 |
|
|a Приборостроение
|
| 230 |
|
|
|a Мультимедиа ресурсы (10 директорий; 100 файлов; 740MB)
|
| 333 |
|
|
|a Режим доступа: из корпоративной сети ТПУ
|
| 337 |
|
|
|a Pentium 100 MHz, 16 Mb RAM, Windows 95/98/NT/2000, CDROM, SVGA, звуковая карта, Internet Explorer 5.0 и выше
|
| 452 |
|
1 |
|0 (RuTPU)RU\TPU\book\239675
|y 978-5-7695-8797-9
|t Электроника и микропроцессорная техника
|o учебник
|f В. И. Калашников, С. В. Нефедов
|g под ред. Г. Г. Раннева
|c Москва
|n Академия
|d 2012
|p 368 с.
|s Приборостроение
|a Калашников, Владимир Иванович
|
| 606 |
1 |
|
|a Электроника
|2 stltpush
|3 (RuTPU)RU\TPU\subj\20310
|9 45419
|
| 610 |
1 |
|
|a электронные устройства
|
| 610 |
1 |
|
|a схемотехника
|
| 610 |
1 |
|
|a электрические сигналы
|
| 610 |
1 |
|
|a усилители
|
| 610 |
1 |
|
|a переменные сигналы
|
| 610 |
1 |
|
|a усилители постоянного тока
|
| 610 |
1 |
|
|a операционные усилители
|
| 610 |
1 |
|
|a преобразователи
|
| 610 |
1 |
|
|a электронная аппаратура
|
| 610 |
1 |
|
|a питанияе
|
| 610 |
1 |
|
|a импульсная техника
|
| 610 |
1 |
|
|a цифровые устройства
|
| 610 |
1 |
|
|a ЦАП
|
| 610 |
1 |
|
|a АЦП
|
| 610 |
1 |
|
|a цифро-аналоговые преобразователи
|
| 610 |
1 |
|
|a аналого-цифровые преобразователи
|
| 610 |
1 |
|
|a полупроводниковые запоминающие устройства
|
| 610 |
1 |
|
|a ПЛИС
|
| 610 |
1 |
|
|a программируемые логические интегральные схемы
|
| 610 |
1 |
|
|a микропроцессорная техника
|
| 610 |
1 |
|
|a учебники
|
| 610 |
1 |
|
|a CD-ROM
|
| 610 |
1 |
|
|a вторичные источники
|
| 675 |
|
|
|a 621.38(075.8)
|v 3
|
| 700 |
|
1 |
|a Калашников
|b В. И.
|g Владимир Иванович
|
| 701 |
|
1 |
|a Нефедов
|b С. В.
|g Сергей Владимирович
|
| 702 |
|
1 |
|a Раннев
|b Г. Г.
|4 340
|
| 801 |
|
1 |
|a RU
|b 63413507
|c 20141006
|
| 801 |
|
2 |
|a RU
|b 63413507
|c 20221209
|g RCR
|
| 856 |
4 |
|
|u http://www.lib.tpu.ru/fulltext2/m/2014/FN/fn-111.pdf
|
| 942 |
|
|
|c CF
|